000 00459nmm a2200157Ia 4500
008 251105s9999||||xx |||||||||||||||||und||
020 _a9789561414396
041 _aspa
100 _aBrowne Vargas, Carlos
245 0 _aPerder para ganar
264 _a[Santiago de Chile, Chile] :
_bEdiciones UC,
_c2014
300 _a305 páginas
650 _aSelf-help and personal development
856 _uhttps://public.digitaliapublishing.com/a/38269
942 _cCF
999 _c94169
_d94169